[Event "Nordic-ch"]
[Site "Sarpsborg"]
[Date "2019.06.24"]
[Round "5"]
[White "Kro, Andreas Fuskeland"]
[Black "Neretljak, Nedzad"]
[Result "0-1"]
[WhiteElo "1565"]
[BlackElo "2114"]
[PlyCount "88"]
[EventDate "2019.06.21"]
[EventType "swiss"]
[EventRounds "9"]
[EventCountry "NOR"]
[SourceTitle "CBM 191 Extra"]
[Source "ChessBase"]
[SourceDate "2019.09.30"]
[SourceVersion "1"]
[SourceVersionDate "2019.09.30"]
[SourceQuality "1"]

1. d4 Nf6 2. c4 g6 3. Nc3 d5 4. Bg5 Ne4 5. Bh4 Nxc3 6. bxc3 dxc4 7. Qa4+ Nd7 8. e3 Bg7 9. Bxc4 0-0 10. Qc2 c5 11. Nf3 Nb6 12. Be2 cxd4 13. cxd4 Bf5 14. Qc5 Nd5 15. Bc4 Nf6 16. Ne5 Rc8 17. Qxa7 Rxc4 18. Nxc4 Qd5 19. Nd2 Qxg2 20. Rf1 Bd3 21. Bg3 Ba6 22. 0-0-0 Qc6+ 23. Qc5 Qe6 24. Kb2 Rc8 25. Qe5 Qb6+ 26. Nb3 Bxf1 27. Rxf1 Qa6 28. Rc1 Ra8 29. a4 Qe2+ 30. Rc2 Qf3 31. Qxe7 Re8 32. Qc7 h5 33. Qf4 Qg2 34. f3 Qg1 35. e4 Rd8 36. Rc7 Rxd4 37. Nxd4 Qxd4+ 38. Kc1 Kh7 39. Qe5 Qe3+ 40. Kb1 Qxf3 41. Rxb7 Nxe4 42. Qc7 Qd1+ 43. Ka2 Qxa4+ 44. Kb1 Nc3+ 0-1

[Event "SWE-chT 1819 Superettan"]
[Site "Sweden"]
[Date "2019.01.12"]
[Round "4"]
[White "Neretljak, Nedzad"]
[Black "Outgajjouft, Said"]
[Result "1-0"]
[WhiteElo "2140"]
[BlackElo "2059"]
[PlyCount "51"]
[EventDate "2018.11.09"]
[EventType "team-tourn"]
[EventRounds "9"]
[EventCountry "SWE"]
[SourceTitle "EXT 2020"]
[Source "ChessBase"]
[SourceDate "2019.10.17"]
[SourceVersion "1"]
[SourceVersionDate "2019.10.17"]
[SourceQuality "1"]
[WhiteTeam "Vaxjo"]
[BlackTeam "Manhem"]
[WhiteTeamCountry "SWE"]
[BlackTeamCountry "SWE"]

1. e4 Nf6 2. e5 Nd5 3. c4 Nb6 4. c5 Nd5 5. Bc4 e6 6. Nc3 Nxc3 7. bxc3 Bxc5 8. d4 Bf8 9. Ne2 d5 10. Bd3 c5 11. 0-0 Nc6 12. Ng3 cxd4 13. cxd4 Nxd4 14. Qg4 Nc6 15. Nh5 Qe7 16. Nxg7+ Kd7 17. Nh5 h6 18. Bf4 Kc7 19. Rfc1 Bd7 20. Nf6 h5 21. Qh4 Kc8 22. Rab1 Bh6 23. Bxh6 Rxh6 24. Qa4 a6 25. Ng8 Qg5 26. Qb4 1-0

[Event "SWE-chT 1819 Superettan"]
[Site "Sweden"]
[Date "2018.11.09"]
[Round "1"]
[White "Neretljak, Nedzad"]
[Black "Lindberg, Henrik"]
[Result "1/2-1/2"]
[WhiteElo "2140"]
[BlackElo "2193"]
[PlyCount "167"]
[EventDate "2018.11.09"]
[EventType "team-tourn"]
[EventRounds "9"]
[EventCountry "SWE"]
[SourceTitle "EXT 2020"]
[Source "ChessBase"]
[SourceDate "2019.10.17"]
[SourceVersion "1"]
[SourceVersionDate "2019.10.17"]
[SourceQuality "1"]
[WhiteTeam "Vaxjo"]
[BlackTeam "Upsala"]
[WhiteTeamCountry "SWE"]
[BlackTeamCountry "SWE"]

1. e4 c5 2. Nf3 e6 3. d4 cxd4 4. Nxd4 Nf6 5. Nc3 d6 6. g3 Be7 7. Bg2 0-0 8. 0-0 Nc6 9. a4 Bd7 10. Ndb5 Qb8 11. Bg5 a6 12. Bxf6 gxf6 13. Na3 Qa7 14. Nc4 Qc5 15. Ne3 Rab8 16. Ng4 Kh8 17. Kh1 b5 18. axb5 axb5 19. e5 fxe5 20. Ne4 Qd4 21. Nef6 Rb7 22. Nxd7 Rxd7 23. Bxc6 Rc7 24. Bf3 Qxb2 25. Ne3 Qc3 26. Qd3 d5 27. Be2 b4 28. Qxc3 Rxc3 29. Bd1 Ra3 30. Rb1 f5 31. Ng2 Bc5 32. Ne1 e4 33. f3 Rd8 34. Ng2 Kg7 35. Nf4 Kf6 36. g4 Ke5 37. Nh5 f4 38. Be2 Re3 39. Rbe1 b3 40. c3 Rxc3 41. fxe4 Be3 42. exd5 exd5 43. Bb5 b2 44. Nxf4 b1Q 45. Rxb1 Bxf4 46. Rbe1+ Re3 47. Rxe3+ Bxe3 48. Bd3 h6 49. Kg2 Rd6 50. h4 Rf6 51. Bf5 h5 52. Kg3 hxg4 53. Kxg4 d4 54. Rb1 Rd6 55. Bd3 Kf6 56. h5 Ke5 57. Rb5+ Rd5 58. Rb8 Rd6 59. Re8+ Re6 60. Rh8 Rf6 61. Bg6 Rf4+ 62. Kg3 Rf6 63. Ra8 Rd6 64. Ra5+ Rd5 65. Ra3 Rd6 66. Kg4 Bh6 67. Bd3 Be3 68. Bc4 Ke4 69. Bf7 Bh6 70. Rf3 Rb6 71. Bg6+ Ke5 72. Rf5+ Ke6 73. Bf7+ Ke7 74. Bc4 Rf6 75. Re5+ Kd6 76. Rd5+ Ke7 77. Rxd4 Rf4+ 78. Rxf4 Bxf4 79. Kxf4 Kf6 80. Bd3 Kg7 81. Kg5 Kh8 82. Kg6 Kg8 83. Bc4+ Kh8 84. h6 1/2-1/2

[Event "Deltalift op"]
[Site "Tylosand"]
[Date "2018.05.11"]
[Round "5"]
[White "Neretljak, Nedzad"]
[Black "Lokander, Martin"]
[Result "1/2-1/2"]
[WhiteElo "2099"]
[BlackElo "2386"]
[PlyCount "130"]
[EventDate "2018.05.10"]
[EventType "swiss"]
[EventRounds "8"]
[EventCountry "SWE"]
[SourceTitle "CBM 184 Extra"]
[Source "ChessBase"]
[SourceDate "2018.06.28"]
[SourceVersion "1"]
[SourceVersionDate "2018.06.28"]
[SourceQuality "1"]

1. e4 e5 2. Nf3 Nc6 3. Bc4 Nf6 4. d3 Be7 5. c3 d5 6. exd5 Nxd5 7. h3 0-0 8. 0-0 Bf5 9. Re1 Qd6 10. Nbd2 Nf4 11. Ne4 Qg6 12. Bxf4 exf4 13. Kh1 Rad8 14. b4 Qh6 15. d4 Bxe4 16. Rxe4 Bd6 17. Qb3 Ne7 18. Rae1 Ng6 19. Kg1 Nh4 20. Qd1 Nxf3+ 21. Qxf3 c6 22. a4 a6 23. a5 Qg5 24. Kf1 Qf5 25. Qg4 Qf6 26. R1e2 g6 27. Qf3 Kg7 28. Re1 h5 29. Bd3 Rd7 30. Qd1 Rfd8 31. Qf3 Re7 32. Rxe7 Bxe7 33. Re4 Bd6 34. Qe2 Rd7 35. f3 Re7 36. Rxe7 Bxe7 37. Ke1 Qd6 38. Kd2 Bf6 39. Kc2 Kf8 40. Bc4 Bg7 41. Qe4 Bf6 42. Qe2 Bg7 43. Kb3 Bf6 44. Bxa6 bxa6 45. Qxa6 Kg7 46. Qc4 Bd8 47. Qc5 Qe6+ 48. Ka3 Kh7 49. a6 Be7 50. Qe5 Qc4 51. Qxe7 Qxc3+ 52. Ka2 Qc2+ 53. Ka3 Qc3+ 54. Ka2 Qc2+ 55. Ka3 Qd3+ 56. Kb2 Qxd4+ 57. Kc2 Qc4+ 58. Kd2 Qd4+ 59. Ke2 Qb2+ 60. Kf1 Qa1+ 61. Kf2 Qd4+ 62. Kf1 Qa1+ 63. Kf2 Qd4+ 64. Kf1 Qa1+ 65. Kf2 Qd4+ 1/2-1/2

[Event "Vaxjo op"]
[Site "Vaxjo"]
[Date "2018.02.09"]
[Round "3"]
[White "Neretljak, Nedzad"]
[Black "Vernersson, Per"]
[Result "0-1"]
[WhiteElo "2074"]
[BlackElo "2290"]
[PlyCount "76"]
[EventDate "2018.02.09"]
[EventType "swiss"]
[EventRounds "8"]
[EventCountry "SWE"]
[SourceTitle "CBM 182 Extra"]
[Source "ChessBase"]
[SourceDate "2018.02.23"]
[SourceVersion "1"]
[SourceVersionDate "2018.02.23"]
[SourceQuality "1"]

1. e4 c6 2. d4 d5 3. Nc3 dxe4 4. Nxe4 Nd7 5. Bc4 Ngf6 6. Ng5 e6 7. Qe2 Nb6 8. Bb3 h6 9. N5f3 c5 10. Be3 Qc7 11. Ne5 cxd4 12. Bxd4 Bb4+ 13. c3 Bc5 14. Qb5+ Nbd7 15. Nxd7 Nxd7 16. Nf3 Bxd4 17. cxd4 Qb6 18. Qd3 Qa5+ 19. Nd2 Nf6 20. 0-0 0-0 21. Rfe1 Bd7 22. Re5 Qb4 23. Bc2 Bc6 24. a3 Qb6 25. Nc4 Qc7 26. g4 Rfd8 27. g5 hxg5 28. Rxg5 Qf4 29. Qg3 Qxg3+ 30. hxg3 Rxd4 31. Ne3 Rad8 32. b4 a6 33. Rb1 Ne4 34. Bxe4 Bxe4 35. Rc1 f6 36. Rgc5 Bc6 37. R5c4 Kf7 38. Kf1 Bb5 0-1

[Event "SWE-chT 1718 Superettan"]
[Site "Sweden"]
[Date "2017.10.21"]
[Round "2"]
[White "Larsson, Johan"]
[Black "Neretljak, Nedzad"]
[Result "1-0"]
[WhiteElo "2184"]
[BlackElo "2070"]
[PlyCount "107"]
[EventDate "2017.10.20"]
[EventType "team-tourn"]
[EventRounds "9"]
[EventCountry "SWE"]
[SourceTitle "EXT 2019"]
[Source "ChessBase"]
[SourceDate "2018.10.10"]
[SourceVersion "1"]
[SourceVersionDate "2018.10.10"]
[SourceQuality "1"]
[WhiteTeam "Umea Rockaden"]
[BlackTeam "Vaxjo"]
[WhiteTeamCountry "SWE"]
[BlackTeamCountry "SWE"]

1. d4 Nf6 2. Bg5 Ne4 3. Bf4 d5 4. e3 Nd7 5. Bd3 Ndf6 6. Ne2 h6 7. c4 e6 8. f3 Ng5 9. Nbc3 c6 10. h4 Ngh7 11. g4 Bd6 12. g5 Nh5 13. Bxd6 Qxd6 14. f4 g6 15. Qc2 Nf8 16. 0-0-0 Bd7 17. Kb1 0-0-0 18. Ka1 Kb8 19. c5 Qc7 20. b4 a6 21. a4 Ng7 22. Ng3 Nf5 23. Nxf5 exf5 24. Rb1 Re8 25. Qd2 Ne6 26. Na2 hxg5 27. hxg5 Qd8 28. Rxh8 Rxh8 29. b5 cxb5 30. axb5 axb5 31. Bxb5 Bxb5 32. Rxb5 Rh1+ 33. Rb1 Rxb1+ 34. Kxb1 Qd7 35. Qb4 Nc7 36. Nc3 Qe6 37. Kc2 Kc8 38. Kd2 Qc6 39. Qb3 Kd7 40. Na4 Ke6 41. Nc3 Kd7 42. Qb1 Ke6 43. Qh1 Qe8 44. Qa1 Qd7 45. Qa7 Qc6 46. Qb8 Ke7 47. Qxc7+ Qxc7 48. Nxd5+ Kd7 49. Nxc7 Kxc7 50. Kd3 b6 51. Kc4 bxc5 52. Kxc5 Kd7 53. Kd5 Ke7 54. Kc6 1-0

[Event "Vaxjo Nordic zt"]
[Site "Vaxjo"]
[Date "2017.06.29"]
[Round "6"]
[White "Neretljak, Nedzad"]
[Black "Lindgren, Philip"]
[Result "0-1"]
[WhiteElo "2083"]
[BlackElo "2420"]
[PlyCount "54"]
[EventDate "2017.06.26"]
[EventType "swiss"]
[EventRounds "9"]
[EventCountry "SWE"]
[SourceTitle "CBM 179 Extra"]
[Source "ChessBase"]
[SourceDate "2017.08.23"]
[SourceVersion "1"]
[SourceVersionDate "2017.08.23"]
[SourceQuality "1"]

1. e4 c6 2. d4 d5 3. Nc3 dxe4 4. Nxe4 Bf5 5. Ng5 Nf6 6. Bc4 e6 7. Ne2 h6 8. Nf3 Nbd7 9. 0-0 Be7 10. Nh4 Bh7 11. Bb3 0-0 12. f4 c5 13. f5 Nb6 14. c3 Nfd5 15. fxe6 c4 16. exf7+ Rxf7 17. Rxf7 Kxf7 18. Bc2 Bxc2 19. Qxc2 Bxh4 20. Bxh6 gxh6 21. Qh7+ Ke8 22. Rf1 Qe7 23. Qg6+ Kd8 24. Rf7 Qe3+ 25. Kh1 Be7 26. Ng1 Kc7 27. h3 Rf8 0-1

[Event "Vaxjo Nordic zt"]
[Site "Vaxjo"]
[Date "2017.06.28"]
[Round "4"]
[White "Lind, Jan Olov"]
[Black "Neretljak, Nedzad"]
[Result "0-1"]
[WhiteElo "2222"]
[BlackElo "2083"]
[PlyCount "86"]
[EventDate "2017.06.26"]
[EventType "swiss"]
[EventRounds "9"]
[EventCountry "SWE"]
[SourceTitle "CBM 179 Extra"]
[Source "ChessBase"]
[SourceDate "2017.08.23"]
[SourceVersion "1"]
[SourceVersionDate "2017.08.23"]
[SourceQuality "1"]

1. e4 e6 2. d3 d5 3. Nd2 Nf6 4. Ngf3 Nc6 5. Be2 h5 6. c3 Bd6 7. 0-0 Ng4 8. exd5 exd5 9. d4 Qf6 10. Nb3 Bf5 11. Nc5 Be4 12. g3 h4 13. Nxe4 dxe4 14. Ng5 Nxh2 15. Nxe4 Qg6 16. Nxd6+ Qxd6 17. Bf4 Qf6 18. Re1 0-0-0 19. Bg4+ Kb8 20. Kxh2 g5 21. Qf3 hxg3+ 22. Kxg3 gxf4+ 23. Qxf4 Qh4+ 24. Kf3 f5 25. Bxf5 Qh5+ 26. Bg4 Qb5 27. Kg2 Rhg8 28. Rab1 Rdf8 29. Qg3 a6 30. Kg1 Qg5 31. Re4 Ne7 32. Rbe1 Nf5 33. Qe5 Qh4 34. f3 Ng3 35. Kg2 Nxe4 36. Qxe4 Rh8 37. Qe5 Rfg8 38. Qg3 Qg5 39. Qe5 Qd2+ 40. Qe2 Qf4 41. Qe6 Rh2+ 42. Kf1 Qg3 43. Qxg8+ Ka7 0-1

[Event "Vaxjo op"]
[Site "Vaxjo"]
[Date "2017.02.12"]
[Round "7"]
[White "Sorensen, Hampus"]
[Black "Neretljak, Nedzad"]
[Result "1-0"]
[WhiteElo "2188"]
[BlackElo "2051"]
[PlyCount "139"]
[EventDate "2017.02.10"]
[EventType "swiss"]
[EventRounds "8"]
[EventCountry "SWE"]
[SourceTitle "CBM 176 Extra"]
[Source "ChessBase"]
[SourceDate "2017.03.02"]
[SourceVersion "1"]
[SourceVersionDate "2017.03.02"]
[SourceQuality "1"]

1. d4 e6 2. c4 f5 3. Nf3 b6 4. Nc3 Bb7 5. Bg5 Be7 6. Bxe7 Qxe7 7. e3 Nf6 8. Be2 d6 9. 0-0 Nbd7 10. Qc2 g5 11. d5 0-0-0 12. Nd4 Ne5 13. Nxe6 Rdg8 14. Nb5 g4 15. Ned4 Kb8 16. a4 Nf3+ 17. Nxf3 gxf3 18. Bxf3 Ne4 19. Nd4 Qe5 20. a5 Ng5 21. axb6 cxb6 22. Qxf5 Qxf5 23. Nxf5 Nxf3+ 24. Kh1 Nd2 25. Rfd1 Nxc4 26. Rd4 Na5 27. Rad1 Nb3 28. Rb4 Nc5 29. Nxd6 Rg7 30. e4 Re7 31. f4 Ba6 32. Rbd4 Be2 33. Re1 Ba6 34. e5 Rf8 35. g4 Nd3 36. Ra1 Nc5 37. Nf5 Ree8 38. e6 Bb7 39. e7 Rxf5 40. gxf5 Rxe7 41. Rad1 Rf7 42. Kg1 Rxf5 43. d6 Nd7 44. Re1 Bc6 45. Re7 h5 46. Kf2 a5 47. Rg7 b5 48. Rg5 Rxg5 49. fxg5 Kc8 50. g6 Nf6 51. g7 Kd7 52. Rf4 Ng8 53. Rf8 Bd5 54. Rf5 Bc4 55. Rxh5 a4 56. Ke3 Kxd6 57. Kd4 Kc6 58. Rc5+ Kb6 59. Rxc4 bxc4 60. Kxc4 Ka5 61. h4 Nh6 62. h5 Ng8 63. Kd5 Kb4 64. Ke6 Kb3 65. Kf7 Nh6+ 66. Kg6 Ng8 67. h6 Kxb2 68. h7 Ne7+ 69. Kh5 a3 70. h8Q 1-0

[Event "Vaxjo op"]
[Site "Vaxjo"]
[Date "2016.02.21"]
[Round "8"]
[White "Hector, Jonny"]
[Black "Neretljak, Nedzad"]
[Result "1-0"]
[WhiteElo "2493"]
[BlackElo "2037"]
[PlyCount "55"]
[EventDate "2016.02.19"]
[EventType "swiss"]
[EventRounds "8"]
[EventCountry "SWE"]
[SourceTitle "CBM 170 Extra"]
[Source "ChessBase"]
[SourceDate "2016.02.25"]
[SourceVersion "1"]
[SourceVersionDate "2016.02.25"]
[SourceQuality "1"]

1. e4 c6 2. d4 d5 3. Nc3 dxe4 4. Nxe4 Nf6 5. Nxf6+ gxf6 6. Be2 Qc7 7. Bf3 Bf5 8. Ne2 Nd7 9. 0-0 0-0-0 10. c4 Ne5 11. Ng3 Nxf3+ 12. Qxf3 Bg6 13. d5 c5 14. Bf4 Qb6 15. a4 e5 16. a5 Qa6 17. Be3 f5 18. Nxf5 Qf6 19. Nd4 Qh4 20. g3 Qh3 21. Nb5 f5 22. Bg5 Bh5 23. Qe3 Re8 24. a6 b6 25. Nxa7+ Kb8 26. Nb5 f4 27. Qxe5+ Rxe5 28. a7+ 1-0

[Event "Vaxjo op"]
[Site "Vaxjo"]
[Date "2016.02.20"]
[Round "5"]
[White "Neretljak, Nedzad"]
[Black "Ernst, Thomas"]
[Result "0-1"]
[WhiteElo "2037"]
[BlackElo "2365"]
[PlyCount "98"]
[EventDate "2016.02.19"]
[EventType "swiss"]
[EventRounds "8"]
[EventCountry "SWE"]
[SourceTitle "CBM 170 Extra"]
[Source "ChessBase"]
[SourceDate "2016.02.25"]
[SourceVersion "1"]
[SourceVersionDate "2016.02.25"]
[SourceQuality "1"]

1. e4 c5 2. Nf3 d6 3. Bc4 Nc6 4. d4 cxd4 5. c3 dxc3 6. Nxc3 e6 7. 0-0 Nf6 8. Qe2 Be7 9. Rd1 e5 10. h3 0-0 11. Be3 Be6 12. Bb5 Qa5 13. Bd2 Qc7 14. Rac1 Rac8 15. Bg5 Qb8 16. Bd3 Nd7 17. Bb1 Rfd8 18. Bxe7 Nxe7 19. Nh4 Nf6 20. g4 d5 21. g5 Nxe4 22. Nxe4 dxe4 23. Qxe4 g6 24. Ng2 Bxh3 25. Ne3 Rxc1 26. Rxc1 Rd4 27. Qf3 Be6 28. Be4 Qd8 29. Rc5 Nf5 30. Bxf5 gxf5 31. Rxe5 Qxg5+ 32. Kf1 Rf4 33. Qh3 Rxf2+ 34. Kxf2 Qf4+ 35. Qf3 Qxe5 36. Qxb7 f4 37. Qa8+ Kg7 38. Qg2+ Kf6 39. Nd1 h5 40. Qa8 Qc5+ 41. Ke1 Bxa2 42. Qh8+ Ke7 43. Qb8 a5 44. Qb7+ Kf6 45. Nc3 Qe3+ 46. Kd1 Be6 47. Ne4+ Kg7 48. Nd2 f3 49. Qe4 Bb3+ 0-1